[Event "Catalunya-ch"]
[Site "Salou"]
[Date "2025.05.18"]
[Round "1.3"]
[White "Ayats Llobera, Gerard"]
[Black "Garrido Fernandez, Daniel"]
[Result "1-0"]
[WhiteElo "2456"]
[BlackElo "2269"]
[PlyCount "97"]
[EventDate "2025.05.17"]
[EventType "k.o."]
[EventRounds "4"]
[EventCountry "ESP"]
[SourceTitle "CB22_2025"]
[SourceDate "2025.05.28"]
[SourceVersion "1"]
[SourceVersionDate "2025.05.28"]
[SourceQuality "1"]

1. e4 e5 2. Bc4 Nf6 3. d3 c6 4. Nf3 d5 5. Bb3 Bd6 6. Nc3 d4 7. Ne2 h6 8. Ng3 a5 9. a3 Na6 10. 0-0 Nc5 11. Ba2 Be6 12. Bd2 Bxa2 13. Rxa2 Qd7 14. Nh4 Ne6 15. h3 Bc7 16. Qf3 0-0-0 17. b4 a4 18. b5 cxb5 19. Rb1 Ne8 20. Rab2 Nd6 21. Nhf5 f6 22. Nxd6+ Qxd6 23. Rxb5 b6 24. Nf5 Qd7 25. Rd5 Qf7 26. Bb4 Nf4 27. Nd6+ Bxd6 28. Rxd6 Rxd6 29. Bxd6 Kb7 30. Bc5 Kc6 31. Bxd4 Nxh3+ 32. Qxh3 exd4 33. Qf5 Rb8 34. Qb5+ Kc7 35. Rb4 Qe6 36. Rxd4 Rb7 37. Qc4+ Qc6 38. Qxc6+ Kxc6 39. Rxa4 b5 40. Ra8 b4 41. axb4 Rxb4 42. Ra7 Rb1+ 43. Kh2 Rb2 44. Rxg7 Rxc2 45. f4 Rf2 46. Kg3 Rd2 47. Rg6 Rxd3+ 48. Kg4 Rd6 49. Kf5 1-0

[Event "Catalunya-ch"]
[Site "Salou"]
[Date "2025.05.18"]
[Round "1.4"]
[White "Garrido Fernandez, Daniel"]
[Black "Ayats Llobera, Gerard"]
[Result "1/2-1/2"]
[WhiteElo "2269"]
[BlackElo "2456"]
[PlyCount "93"]
[EventDate "2025.05.17"]
[EventType "k.o."]
[EventRounds "4"]
[EventCountry "ESP"]
[SourceTitle "CB22_2025"]
[SourceDate "2025.05.28"]
[SourceVersion "1"]
[SourceVersionDate "2025.05.28"]
[SourceQuality "1"]

1. e4 c5 2. Nf3 d6 3. Bb5+ Bd7 4. Bxd7+ Qxd7 5. c4 e5 6. Nc3 Nc6 7. d3 g6 8. a3 Bg7 9. Rb1 Nge7 10. b4 0-0 11. 0-0 b6 12. Bg5 f6 13. Bd2 f5 14. b5 Nd4 15. Bg5 Bf6 16. Bh6 Bg7 17. Bxg7 Kxg7 18. Nxd4 cxd4 19. Nd5 Nxd5 20. exd5 Rae8 21. Rb2 Qe7 22. Re2 Qf6 23. f3 Re7 24. a4 Ref7 25. a5 Qd8 26. Qa1 f4 27. Ra2 g5 28. axb6 axb6 29. Rff2 h5 30. Ra6 g4 31. Rfa2 Kh8 32. Ra8 Qg5 33. Kh1 gxf3 34. gxf3 Qf5 35. Rxf8+ Rxf8 36. Ra8 Rxa8 37. Qxa8+ Kg7 38. Qa7+ Kg8 39. Qb8+ Kf7 40. Qc7+ Kg8 41. Qxd6 Qxd3 42. Qe6+ Kh7 43. Qf7+ Kh6 44. Qf8+ Kh7 45. Qf7+ Kh6 46. Qf8+ Kh7 47. Qf7+ 1/2-1/2

[Event "Catalunya-chT Gp3"]
[Site "Barcelona"]
[Date "2025.02.15"]
[Round "5.1"]
[White "Ayats Llobera, Gerard"]
[Black "Asis Gargatagli, Hipolito"]
[Result "1/2-1/2"]
[WhiteElo "2461"]
[BlackElo "2439"]
[PlyCount "55"]
[EventDate "2025.01.18"]
[EventType "team-tourn"]
[EventRounds "5"]
[EventCountry "ESP"]
[SourceTitle "CB10_2025"]
[SourceDate "2025.03.05"]
[SourceVersion "1"]
[SourceVersionDate "2025.03.05"]
[SourceQuality "1"]
[WhiteTeam "Tres Peons"]
[BlackTeam "Sant Andreu"]
[WhiteTeamCountry "ESP"]
[BlackTeamCountry "ESP"]

1. e4 c5 2. Nf3 d6 3. d4 cxd4 4. Nxd4 Nf6 5. Nc3 a6 6. h3 e6 7. g4 h6 8. Bg2 Be7 9. h4 Nc6 10. g5 hxg5 11. hxg5 Rxh1+ 12. Bxh1 Nh7 13. f4 Nxd4 14. Qxd4 e5 15. fxe5 Nxg5 16. Qg1 Ne6 17. Be3 Bh4+ 18. Kd2 dxe5+ 19. Nd5 Bg5 20. Bxg5 Nxg5 21. Rd1 Be6 22. Kc1 Rb8 23. Qa7 Bxd5 24. Rxd5 Qc7 25. Rc5 Qd6 26. Rd5 Qc7 27. Rc5 Qd6 28. Rd5 1/2-1/2

[Event "Catalunya-chT Gp3"]
[Site "Barcelona"]
[Date "2025.01.18"]
[Round "1.1"]
[White "Edouard, Romain"]
[Black "Ayats Llobera, Gerard"]
[Result "1/2-1/2"]
[WhiteElo "2545"]
[BlackElo "2461"]
[PlyCount "34"]
[EventDate "2025.01.18"]
[EventType "team-tourn"]
[EventRounds "5"]
[EventCountry "ESP"]
[SourceTitle "CB07_2025"]
[SourceDate "2025.02.12"]
[SourceVersion "1"]
[SourceVersionDate "2025.02.12"]
[SourceQuality "1"]
[WhiteTeam "Badalona Cor de Marina"]
[BlackTeam "Tres Peons"]
[WhiteTeamCountry "ESP"]
[BlackTeamCountry "ESP"]

1. d4 Nf6 2. c4 e6 3. g3 c5 4. Nf3 cxd4 5. Nxd4 Qc7 6. Nc3 Qxc4 7. e4 Qb4 8. Ndb5 Nxe4 9. Qc2 Nxc3 10. Nc7+ Kd8 11. bxc3 Qc5 12. Nxa8 Qc6 13. Bf4 Qxh1 14. Bc7+ Ke7 15. Bxb8 b6 16. Nc7 Qb7 17. Na6 b5 1/2-1/2

[Event "Barcelona Navidad IM2"]
[Site "Barcelona"]
[Date "2024.12.27"]
[Round "2"]
[White "Serrahima Susany, Ramon"]
[Black "Ayats Llobera, Gerard"]
[Result "0-1"]
[WhiteElo "2020"]
[BlackElo "2451"]
[PlyCount "72"]
[EventDate "2024.12.26"]
[EventType "tourn"]
[EventRounds "9"]
[EventCountry "ESP"]
[SourceTitle "CB01_2025"]
[SourceDate "2025.01.01"]
[SourceVersion "1"]
[SourceVersionDate "2025.01.01"]
[SourceQuality "1"]

1. e4 c5 2. Nf3 e6 3. d4 cxd4 4. Nxd4 Nf6 5. Nc3 d6 6. Be3 Nc6 7. f3 Be7 8. Qd2 a6 9. g4 Qc7 10. 0-0-0 b5 11. g5 Nd7 12. f4 b4 13. Nce2 Bb7 14. Ng3 Nc5 15. Kb1 0-0 16. f5 Nxd4 17. Qxd4 Rfc8 18. Rc1 e5 19. Qxb4 a5 20. Qe1 Nxe4 21. Rg1 g6 22. fxg6 hxg6 23. h4 a4 24. a3 Nxg3 25. Rxg3 d5 26. Bd2 d4 27. h5 gxh5 28. Rh3 Rab8 29. Qe2 Kg7 30. Qxh5 Rh8 31. Qg4 Bc8 32. Qg3 Bxh3 33. Bxh3 Bd6 34. Ka1 e4 35. Qg2 e3 36. Be1 Qb6 0-1

[Event "ESP-ch 89th"]
[Site "Marbella"]
[Date "2024.12.18"]
[Round "8"]
[White "Ayats Llobera, Gerard"]
[Black "Sierra Vallina, Lionel"]
[Result "1-0"]
[WhiteElo "2451"]
[BlackElo "2349"]
[PlyCount "81"]
[EventDate "2024.12.11"]
[EventType "swiss"]
[EventRounds "9"]
[EventCountry "ESP"]
[SourceTitle "CB52_2024"]
[SourceDate "2024.12.25"]
[SourceVersion "1"]
[SourceVersionDate "2024.12.25"]
[SourceQuality "1"]

1. e4 c6 2. d4 d5 3. Nc3 dxe4 4. Nxe4 Nf6 5. Nxf6+ exf6 6. c3 Bd6 7. Bd3 0-0 8. Qc2 Re8+ 9. Ne2 h5 10. 0-0 h4 11. h3 Nd7 12. Bd2 Nf8 13. Rae1 Bd7 14. c4 Ne6 15. f4 b5 16. c5 Bb8 17. Bh7+ Kh8 18. Be4 Qc7 19. Qd3 a5 20. Qf3 Kg8 21. Qh5 Ng5 22. Bd3 Ne4 23. Bc1 f5 24. Qxh4 Ba7 25. Ng3 Nxg3 26. Qxg3 Be6 27. b3 Rad8 28. Bb2 Rd5 29. Be2 Red8 30. Kh1 Rxd4 31. Bxd4 Rxd4 32. Rc1 Rd2 33. Qe3 Rxa2 34. Rfd1 Rb2 35. Rd3 Bb8 36. Rf1 Qe7 37. Bf3 Ba7 38. Rc1 Qb7 39. Qd4 Ra2 40. Qd8+ Kh7 41. Qh4+ 1-0

[Event "ESP-chT CECLUB Div1"]
[Site "Linares"]
[Date "2024.08.22"]
[Round "5.2"]
[White "Lopez Martinez, Josep Manuel"]
[Black "Ayats Llobera, Gerard"]
[Result "1/2-1/2"]
[WhiteElo "2453"]
[BlackElo "2457"]
[PlyCount "62"]
[EventDate "2024.08.18"]
[EventType "team-tourn"]
[EventRounds "7"]
[EventCountry "ESP"]
[SourceTitle "CBM 221 Extra"]
[Source "ChessBase"]
[SourceDate "2024.09.30"]
[SourceVersion "1"]
[SourceVersionDate "2024.09.30"]
[SourceQuality "1"]
[WhiteTeam "Granada Aimpulsa"]
[BlackTeam "Barcelona CE"]
[WhiteTeamCountry "ESP"]
[BlackTeamCountry "ESP"]

1. Nf3 Nf6 2. g3 e6 3. Bg2 b5 4. 0-0 Bb7 5. d3 d5 6. c4 a6 7. cxd5 Bxd5 8. a4 b4 9. Nbd2 Be7 10. e4 Bb7 11. Nb3 c5 12. Be3 Nbd7 13. Nfd2 Rc8 14. Nc4 Nb6 15. Nba5 Nxc4 16. Nxc4 a5 17. Rc1 Ba6 18. Qe2 Nd7 19. Rfd1 0-0 20. f4 Qc7 21. b3 Rfd8 22. Qf2 Nb6 23. Bf3 Nxc4 24. dxc4 Bb7 25. e5 h5 26. h4 g6 27. Qg2 Rxd1+ 28. Rxd1 Bxf3 29. Qxf3 Rd8 30. Kf2 Rxd1 31. Qxd1 Qc6 1/2-1/2

[Event "Catalunya-ch"]
[Site "Salou"]
[Date "2024.05.14"]
[Round "2.2"]
[White "Garcia Ramos, Daniel"]
[Black "Ayats Llobera, Gerard"]
[Result "0-1"]
[WhiteElo "2406"]
[BlackElo "2449"]
[PlyCount "88"]
[EventDate "2024.05.11"]
[EventType "k.o."]
[EventRounds "4"]
[EventCountry "ESP"]
[SourceTitle "CBM 220 Extra"]
[Source "ChessBase"]
[SourceDate "2024.07.31"]
[SourceVersion "1"]
[SourceVersionDate "2024.07.31"]
[SourceQuality "1"]

1. e4 e5 2. Nf3 Nc6 3. Bc4 Bc5 4. c3 Nf6 5. d4 exd4 6. e5 d5 7. Be2 Ne4 8. cxd4 Bb6 9. 0-0 0-0 10. Nc3 Be6 11. Be3 f6 12. exf6 Qxf6 13. Na4 Rae8 14. Rc1 Bg4 15. Nxb6 axb6 16. a3 Qd6 17. b4 Ra8 18. b5 Nd8 19. a4 Ne6 20. h3 Bh5 21. g4 Bf7 22. Bd3 Nf4 23. Ne5 Be6 24. f3 Ng5 25. h4 Nxd3 26. hxg5 Nxc1 27. Qxc1 Rxa4 28. Kg2 Qa3 29. Qe1 Qb2+ 30. Kg3 Ra2 31. Bf2 Qxb5 32. Qc1 g6 33. Re1 Qb2 34. Qe3 Qd2 35. Nxg6 Qxe3 36. Rxe3 hxg6 37. Rxe6 Kf7 38. Rf6+ Kg7 39. Re6 Ra3 40. Be3 Kf7 41. Rf6+ Ke7 42. Bf4 Rxf6 43. gxf6+ Kxf6 44. Bxc7 b5 0-1

[Event "La Nucia op 4th"]
[Site "La Nucia"]
[Date "2023.10.10"]
[Round "6"]
[White "Ezra, Paul Chambers"]
[Black "Ayats Llobera, Gerard"]
[Result "1-0"]
[WhiteElo "2313"]
[BlackElo "2442"]
[PlyCount "63"]
[EventDate "2023.10.07"]
[EventType "swiss"]
[EventRounds "9"]
[EventCountry "ESP"]
[SourceTitle "EXT 2025"]
[Source "ChessBase"]
[SourceDate "2024.10.14"]
[SourceVersion "1"]
[SourceVersionDate "2024.10.14"]
[SourceQuality "1"]

1. e4 c5 2. Nf3 e6 3. d4 cxd4 4. Nxd4 a6 5. c4 Nf6 6. Nc3 Qc7 7. Be2 b6 8. Be3 Bb7 9. f3 d6 10. Qd2 Be7 11. g4 Nbd7 12. g5 Nh5 13. 0-0-0 g6 14. Kb1 0-0 15. Rhf1 Rfc8 16. f4 Nc5 17. Bxh5 Nxe4 18. Nxe4 Bxe4+ 19. Ka1 gxh5 20. Rc1 Qd7 21. Ne2 Rc6 22. Bd4 b5 23. b3 Bg6 24. Bb2 Rf8 25. f5 exf5 26. Qd4 f6 27. Nf4 Rc5 28. Nd5 Bd8 29. gxf6 Kf7 30. Rfe1 Re8 31. Rxe8 Qxe8 32. b4 1-0

[Event "La Nucia op 4th"]
[Site "La Nucia"]
[Date "2023.10.09"]
[Round "3"]
[White "Ayats Llobera, Gerard"]
[Black "Iolis, Oleg"]
[Result "0-1"]
[WhiteElo "2442"]
[BlackElo "2165"]
[PlyCount "78"]
[EventDate "2023.10.07"]
[EventType "swiss"]
[EventRounds "9"]
[EventCountry "ESP"]
[SourceTitle "EXT 2025"]
[Source "ChessBase"]
[SourceDate "2024.10.14"]
[SourceVersion "1"]
[SourceVersionDate "2024.10.14"]
[SourceQuality "1"]

1. e4 c5 2. Nf3 d6 3. d4 cxd4 4. Nxd4 Nf6 5. Nc3 a6 6. Bg5 Nbd7 7. Bc4 Qb6 8. Bb3 e6 9. Qd2 Be7 10. 0-0-0 Nc5 11. f3 Qc7 12. Kb1 b5 13. a3 Bd7 14. Ba2 0-0 15. Nb3 Nxb3 16. Bxb3 Bc6 17. Bxf6 gxf6 18. Qh6 a5 19. Ne2 a4 20. Ba2 b4 21. axb4 a3 22. b3 d5 23. exd5 Bxd5 24. Rd4 f5 25. Qf4 Qb6 26. g4 Bf6 27. Rd2 Rac8 28. gxf5 Kh8 29. Rg1 Rg8 30. Rxg8+ Rxg8 31. Rd1 e5 32. Qc1 Bxf3 33. Re1 Rg2 34. Nc3 Qxb4 35. Qe3 Qf4 36. Qb6 Kg7 37. Nb5 Qd2 38. Rc1 Bg5 39. f6+ Kh6 0-1